| 000 | 00713nam a2200301Ia 4500 | ||
|---|---|---|---|
| 008 | 210210b2017 xxu||||| |||| 00| 0 eng d | ||
| 020 | _a9789381269558 | ||
| 041 | _aeng | ||
| 082 | _a530.15 ARFM | ||
| 100 | _aARFKEN (George B) | ||
| 245 | _aMathematical methods for physicists: a comprehensive guide Ed 7 | ||
| 250 | _a | ||
| 260 |
_aAmsterdam _bElseveir _c2017 |
||
| 300 | _axiii,1207 | ||
| 650 | _aphysicists: | ||
| 650 | _amethods | ||
| 650 | _aMathmetical | ||
| 650 | _aMathematical | ||
| 650 | _aguide | ||
| 650 | _afor | ||
| 650 | _aEd | ||
| 650 | _acomprehensive | ||
| 650 | _aa | ||
| 650 | _a7 | ||
| 690 | _aMathematical Physics | ||
| 700 | _aWEBER (Hans J) | ||
| 906 | _a072593 | ||
| 999 |
_c122431 _d122431 |
||